<?xml version="1.0" encoding="UTF-8"?>
<record
    xmlns:xsi="http://www.w3.org/2001/XMLSchema-instance"
    xsi:schemaLocation="http://www.loc.gov/MARC21/slim http://www.loc.gov/standards/marcxml/schema/MARC21slim.xsd"
    xmlns="http://www.loc.gov/MARC21/slim">

  <leader>03048nam a2200421 i 4500</leader>
  <controlfield tag="001">2843</controlfield>
  <controlfield tag="003">gtuscu</controlfield>
  <controlfield tag="005">20260511125513.0</controlfield>
  <controlfield tag="007">ta</controlfield>
  <controlfield tag="008">260511e2006    gt a|||| |||| 00| 0 spa d</controlfield>
  <datafield tag="040" ind1=" " ind2=" ">
    <subfield code="a">gtuscu</subfield>
    <subfield code="b">spa</subfield>
    <subfield code="c">gtuscu</subfield>
    <subfield code="d">gtuscu</subfield>
    <subfield code="e">rda</subfield>
  </datafield>
  <datafield tag="082" ind1="0" ind2="4">
    <subfield code="a">CEUR 333.32 P171</subfield>
  </datafield>
  <datafield tag="100" ind1="1" ind2=" ">
    <subfield code="a">Palma Urrutia, Huber Ernesto</subfield>
    <subfield code="9">10</subfield>
    <subfield code="e">creador</subfield>
  </datafield>
  <datafield tag="245" ind1="1" ind2=" ">
    <subfield code="a">Latifundio y urbanizaci&#xF3;n en Guatemala /</subfield>
    <subfield code="c">Huber Ernesto Palma Urrutia</subfield>
  </datafield>
  <datafield tag="264" ind1=" " ind2="1">
    <subfield code="a">Guatemala :</subfield>
    <subfield code="b">Universidad de San Carlos de Guatemala, Centro de Estudios Urbanos y Regionales,</subfield>
    <subfield code="c">2006.</subfield>
  </datafield>
  <datafield tag="300" ind1=" " ind2=" ">
    <subfield code="a">295 p&#xE1;ginas :</subfield>
    <subfield code="b">ilustraciones blanco y negro ;</subfield>
    <subfield code="c">21 cm</subfield>
  </datafield>
  <datafield tag="336" ind1=" " ind2=" ">
    <subfield code="2">rdacontenido</subfield>
    <subfield code="a">texto</subfield>
    <subfield code="b">txt</subfield>
  </datafield>
  <datafield tag="337" ind1=" " ind2=" ">
    <subfield code="2">rdamedio</subfield>
    <subfield code="a">sin mediaci&#xF3;n</subfield>
    <subfield code="b">n</subfield>
  </datafield>
  <datafield tag="338" ind1=" " ind2=" ">
    <subfield code="2">rdasoporte</subfield>
    <subfield code="a">volumen</subfield>
    <subfield code="b">nc</subfield>
  </datafield>
  <datafield tag="490" ind1=" " ind2=" ">
    <subfield code="a">El Proceso de urbanizaci&#xF3;n en Guatemala 1944-2002 ;</subfield>
    <subfield code="v">volumen V</subfield>
  </datafield>
  <datafield tag="505" ind1="0" ind2=" ">
    <subfield code="g">Lista de abreviaturas</subfield>
  </datafield>
  <datafield tag="505" ind1="0" ind2=" ">
    <subfield code="g">Presentaci&#xF3;n --</subfield>
  </datafield>
  <datafield tag="505" ind1="0" ind2=" ">
    <subfield code="g">Introducci&#xF3;n --</subfield>
  </datafield>
  <datafield tag="505" ind1="0" ind2=" ">
    <subfield code="g">Cap&#xED;tulo I.</subfield>
    <subfield code="t">Exploraci&#xF3;n a la tenencia agraria --</subfield>
  </datafield>
  <datafield tag="505" ind1="0" ind2=" ">
    <subfield code="g">Cap&#xED;tulo II.</subfield>
    <subfield code="t">La teor&#xED;a de la renta de la tierra --</subfield>
  </datafield>
  <datafield tag="505" ind1="0" ind2=" ">
    <subfield code="g">Cap&#xED;tulo III.</subfield>
    <subfield code="t">Aproximaci&#xF3;n a la tierra urbana --</subfield>
  </datafield>
  <datafield tag="505" ind1="0" ind2=" ">
    <subfield code="g">Reflexiones Finales --</subfield>
  </datafield>
  <datafield tag="505" ind1="0" ind2=" ">
    <subfield code="g">Conclusiones --</subfield>
  </datafield>
  <datafield tag="505" ind1="0" ind2=" ">
    <subfield code="g">Ap&#xE9;ndices --</subfield>
  </datafield>
  <datafield tag="505" ind1="0" ind2=" ">
    <subfield code="g">Bibliograf&#xED;a y Referencias --</subfield>
  </datafield>
  <datafield tag="505" ind1="0" ind2=" ">
    <subfield code="g">Listado de Cuadros --</subfield>
  </datafield>
  <datafield tag="505" ind1="0" ind2=" ">
    <subfield code="g">Listado de Gr&#xE1;ficas --</subfield>
  </datafield>
  <datafield tag="505" ind1="0" ind2=" ">
    <subfield code="g">Listado de Mapas.</subfield>
  </datafield>
  <datafield tag="520" ind1="3" ind2=" ">
    <subfield code="a">Rechazando de manera cr&#xED;tica el enfoque tradicional que separa la cosa rural de la cosa urbana, el presente estudio indica que la ocupaci&#xF3;n, la posesi&#xF3;n y la propiedad de la tierra agraria son determinantes importantes para analizar y explicar el proceso de urbanizaci&#xF3;n en Guatemala. Esta investigaci&#xF3;n aborda de manera anal&#xED;tica la estructura de tenencia agraria, la teor&#xED;a de la renta de la tierra, el proceso de urbanizaci&#xF3;n y creaci&#xF3;n del suelo urbano en Guatemala, las caracter&#xED;sticas del alojamiento y hogares guatemaltecos, as&#xED; como la gesti&#xF3;n de la tierra urbana, como puntos de inicio para aproximarse a una percepci&#xF3;n de la estructura de posesi&#xF3;n de la tierra urbana.
La exploraci&#xF3;n de la tenencia agraria y la aproximaci&#xF3;n a la tenencia de la tierra urbana, permiten afirmar que la estructura de la propiedad y la tenencia de la tierra, por dem&#xE1;s concentradora, monop&#xF3;lica y oligop&#xF3;lica, han determinado que el proceso de urbanizaci&#xF3;n, en Guatemala se haya dado, al menos de 1950 al 2003, bajo una condici&#xF3;n de elevada retenci&#xF3;n de suelo potencialmente urbano. Adem&#xE1;s, dentro de un marco de desarrollo capitalista fr&#xE1;gil y tard&#xED;o, por dem&#xE1;s rentista, que a su vez determina un retardado proceso de urbanizaci&#xF3;n cuyas caracter&#xED;sticas est&#xE1;n asociadas a la pobreza, la vulnerabilidad, el riesgo y el desastre, a ciudades y centros urbanos plagados de informalidad, irregularidades, precariedad y caos urban&#xED;stico.

</subfield>
  </datafield>
  <datafield tag="650" ind1="1" ind2="4">
    <subfield code="a">Tenencia de la tierra</subfield>
    <subfield code="z">Guatemala</subfield>
    <subfield code="2">LEMB</subfield>
    <subfield code="9">128</subfield>
  </datafield>
  <datafield tag="650" ind1="1" ind2="4">
    <subfield code="a">Distribuci&#xF3;n de tierras</subfield>
    <subfield code="z">Guatemala</subfield>
    <subfield code="2">LEMB</subfield>
    <subfield code="9">129</subfield>
  </datafield>
  <datafield tag="942" ind1=" " ind2=" ">
    <subfield code="2">ddc</subfield>
    <subfield code="c">BK</subfield>
    <subfield code="h">CEUR 333.32 P171</subfield>
    <subfield code="n">0</subfield>
  </datafield>
  <datafield tag="999" ind1=" " ind2=" ">
    <subfield code="c">2843</subfield>
    <subfield code="d">2843</subfield>
  </datafield>
  <datafield tag="952" ind1=" " ind2=" ">
    <subfield code="0">0</subfield>
    <subfield code="1">0</subfield>
    <subfield code="2">ddc</subfield>
    <subfield code="4">0</subfield>
    <subfield code="7">0</subfield>
    <subfield code="8">gn</subfield>
    <subfield code="a">BICEUR</subfield>
    <subfield code="b">BICEUR</subfield>
    <subfield code="d">2018-10-10</subfield>
    <subfield code="e">Donaci&#xF3;n</subfield>
    <subfield code="g">10.00</subfield>
    <subfield code="i">16H-15478-4534/18</subfield>
    <subfield code="l">0</subfield>
    <subfield code="o">CEUR 333.32 P171</subfield>
    <subfield code="p">BFQS00099</subfield>
    <subfield code="r">2026-05-11 13:00:56</subfield>
    <subfield code="w">2026-05-11</subfield>
    <subfield code="y">BK</subfield>
    <subfield code="z">Disponible</subfield>
  </datafield>
  <datafield tag="952" ind1=" " ind2=" ">
    <subfield code="0">0</subfield>
    <subfield code="1">0</subfield>
    <subfield code="2">ddc</subfield>
    <subfield code="4">0</subfield>
    <subfield code="7">0</subfield>
    <subfield code="8">gn</subfield>
    <subfield code="a">BICEUR</subfield>
    <subfield code="b">BICEUR</subfield>
    <subfield code="d">2018-10-10</subfield>
    <subfield code="e">Donaci&#xF3;n</subfield>
    <subfield code="g">10.00</subfield>
    <subfield code="i">16H-BF68</subfield>
    <subfield code="l">0</subfield>
    <subfield code="o">CEUR 333.32 P171 C.2</subfield>
    <subfield code="p">BFQS00100</subfield>
    <subfield code="r">2026-05-11 13:00:00</subfield>
    <subfield code="t">2</subfield>
    <subfield code="w">2026-05-11</subfield>
    <subfield code="y">BK</subfield>
    <subfield code="z">Disponible</subfield>
  </datafield>
</record>
